200 Most Famous Cities in Japan on a Map - Statistics

General Stats
  • This quiz has been taken 275 times
  • The average score is 77 of 201
Answers on the Map
Answers color-coded by a green-red scale on the quiz's map according to % correct below.
 
Answer Stats
Wiki Monthly Views Cityquiz Mention Rate Population Answers % Correct
599.53K 84.95% 9733.28K Tokyo
99%
160.78K 58.64% 2752.41K Osaka
97%
166.76K 52.29% 1463.72K Kyoto
96%
94.97K 38.87% 1973.39K Sapporo
96%
205.54K 55.14% 1200.75K Hiroshima
95%
107.06K 52.16% 409.12K Nagasaki
92%
6.78K 1.79% 63.55K Nago
92%
98.35K 28.92% 2332.18K Nagoya
91%
112.88K 30.82% 3777.49K Yokohama
90%
77.29K 21.99% 1612.39K Fukuoka
89%
84.33K 24.15% 1525.15K Kobe
88%
6.26K 1.13% 92.40K Satsumasendai
82%
56.82K 19.92% 1096.70K Sendai
82%
21.97K 22.56% 282.69K Fukushima
81%
33.09K 7.52% 317.62K Naha
79%
29.65K 10.95% 974.95K Chiba
77%
41.51K 8.49% 354.63K Nara
77%
20.37K 8.46% 275.19K Aomori
74%
47.21K 11.45% 1324.03K Saitama
74%
38.01K 10.08% 1538.26K Kawasaki
73%
31.13K 11.23% 789.27K Niigata
73%
30.95K 8.73% 593.13K Kagoshima
72%
36.54K 6.28% 939.03K Kitakyushu
72%
28.08K 7.29% 372.76K Nagano
71%
13.64K 17.22% 142.75K Okinawa
71%
16.43K 6.61% 307.67K Akita
70%
9.47K 7.73% 245.39K Fuji
70%
26.65K 5.96% 693.39K Shizuoka
70%
30.32K 7.41% 738.87K Kumamoto
69%
26.25K 5.86% 724.69K Okayama
69%
36.72K 7.28% 422.33K Toyota
69%
33.77K 4.44% 790.72K Hamamatsu
67%
16.62K 3.41% 402.56K Gifu
66%
9.57K 3.10% 233.30K Saga
66%
13.73K 4.33% 401.34K Miyazaki
65%
30.80K 6.21% 251.08K Hakodate
64%
13.27K 3.73% 326.55K Kōchi
63%
13.83K 3.52% 475.61K Ōita
63%
12.97K 2.95% 356.73K Wakayama
62%
23.04K 3.07% 530.50K Himeji
61%
35.15K 3.72% 463.25K Kanazawa
60%
12.03K 3.03% 188.47K Tottori
60%
17.29K 3.35% 413.94K Toyama
60%
13.15K 2.80% 274.54K Tsu
59%
10.34K 1.94% 262.33K Fukui
58%
24.36K 2.68% 826.16K Sakai
58%
22.84K 3.35% 511.19K Matsuyama
57%
11.08K 2.42% 252.39K Tokushima
57%
11.84K 2.58% 247.59K Yamagata
57%
22.42K 1.91% 518.76K Utsunomiya
56%
13.07K - 287.73K Ibaraki
54%
12.23K 2.68% 193.97K Yamaguchi
54%
17.92K 1.77% 460.93K Fukuyama
53%
18.46K 2.48% 289.73K Morioka
52%
23.92K 2.42% 329.31K Asahikawa
51%
15.77K 2.77% 33.56K Wakkanai
51%
10.78K 3.07% 132.91K Narita
50%
55.93K 2.45% 28.50K Tsushima
50%
31.48K 1.48% 172.71K Kamakura
49%
15.43K 1.14% 345.07K Ōtsu
49%
19.76K 1.42% 255.05K Shimonoseki
49%
23.97K - 725.49K Sagamihara
48%
13.95K 1.33% 332.15K Maebashi
47%
15.06K 0.72% 436.90K Fujisawa
46%
16.04K - 642.91K Funabashi
46%
13.84K - 493.94K Higashiōsaka
46%
15.26K 0.77% 594.27K Kawaguchi
46%
20.57K 1.67% 241.15K Matsumoto
46%
15.98K 1.81% 270.69K Mito
46%
10.74K 1.05% 223.01K Ōta
46%
26.15K 1.86% 388.08K Yokosuka
46%
25.90K 1.41% 579.36K Hachiōji
45%
14.21K - 496.68K Ichikawa
45%
15.58K 0.79% 303.32K Kurume
45%
17.70K 1.70% 332.93K Iwaki
44%
17.34K 0.84% 474.59K Kurashiki
44%
17.13K 1.47% 243.22K Sasebo
44%
17.58K 0.65% 459.59K Amagasaki
43%
12.12K 1.50% 115.32K Beppu
43%
16.50K 0.77% 354.57K Kawagoe
43%
14.68K 2.17% 203.62K Matsue
43%
14.73K 1.04% 266.94K Nagaoka
43%
13.20K 0.53% 498.23K Matsudo
42%
18.76K 0.65% 485.59K Nishinomiya
42%
17.51K 2.69% 384.65K Okazaki
41%
18.76K 1.19% 214.59K Kure
40%
18.80K - 51.49K Sado
40%
9.06K - 12.93K Suzu
40%
14.12K 0.48% 397.29K Hirakata
39%
14.66K 1.34% 189.59K Kōfu
39%
16.81K 1.37% 111.30K Otaru
39%
16.34K 1.01% 327.69K Kōriyama
38%
13.66K 0.44% 385.57K Suita
38%
9.10K 0.89% 264.64K Yao
38%
12.89K 0.81% 303.60K Akashi
37%
9.45K 0.72% 162.57K Ube
37%
8.59K - 239.17K Yamato
37%
13.57K 1.34% 223.41K Hachinohe
36%
9.52K 1.24% 174.51K Hitachi
36%
8.80K 0.44% 269.52K Ichihara
36%
11.36K 0.58% 380.07K Ichinomiya
36%
9.58K 1.31% 122.77K Ise
36%
11.07K 0.65% 188.05K Jōetsu
36%
19.56K 1.82% 417.50K Takamatsu
36%
16.12K 0.92% 371.92K Toyohashi
36%
18.79K 0.60% 431.08K Machida
35%
12.10K 0.38% 242.61K Chōfu
34%
13.72K 0.99% 115.48K Kitami
34%
13.03K - 262.79K Fuchū
33%
14.07K 0.72% 305.42K Yokkaichi
33%
7.93K 1.05% 97.95K Chitose
31%
14.42K 0.99% 426.47K Kashiwa
31%
20.00K 1.17% 241.66K Tsukuba
31%
9.55K 0.68% 154.06K Ueda
31%
9.12K 0.37% 308.68K Kasugai
30%
10.18K 1.80% 195.67K Suzuka
30%
11.89K 0.68% 179.63K Uji
30%
12.02K 0.45% 401.56K Toyonaka
29%
10.68K 1.02% 172.78K Izumo
28%
17.19K 1.52% 165.08K Kushiro
28%
7.49K 3.65% 48.73K Suwa
28%
9.98K 0.38% 242.39K Chigasaki
26%
7.70K 1.08% 155.55K Tochigi
25%
7.05K 3.71% 28.99K Obama
24%
8.43K 1.67% 168.74K Sakura
24%
9.26K - 146.95K Tama
23%
24.71K - 41.97K Awaji
22%
21.69K - 7.04K Hachijō
22%
13.43K 1.13% 166.54K Obihiro
22%
9.64K 0.46% 258.42K Hiratsuka
21%
12.82K - 136.87K Minoh
21%
7.80K 2.42% 54.62K Naruto
21%
12.71K 0.84% 188.86K Odawara
21%
16.48K 1.03% 372.97K Takasaki
21%
20.11K 0.97% 84.42K Takayama
21%
9.00K 0.46% 166.39K Takaoka
20%
13.73K 0.60% 34.21K Atami
19%
8.82K 0.38% 260.88K Kakogawa
19%
18.56K 1.25% 77.66K Nikkō
19%
11.97K 0.72% 170.11K Tomakomai
19%
13.77K 1.03% 168.47K Hirosaki
18%
9.86K 0.39% 198.14K Itami
18%
9.29K 1.12% 24.64K Nemuro
18%
12.97K 0.50% 342.46K Tokorozawa
18%
24.26K 0.06% 11.86K Yakushima
18%
26.77K - 41.39K Amami
17%
15.04K 1.10% 11.29K Hakone
17%
9.99K 1.11% 47.64K Ishigaki
17%
8.55K 1.11% 66.95K Kashima
16%
11.30K 0.66% 82.38K Muroran
16%
12.63K 0.46% 207.39K Nishitokyo
16%
13.21K 0.60% 189.39K Numazu
16%
12.73K 0.34% 131.17K Onomichi
16%
13.13K - 183.58K Tachikawa
16%
13.00K 0.52% 352.70K Takatsuki
16%
10.68K 0.43% 64.26K Tsuruga
16%
9.13K 0.42% 122.35K Tsuruoka
16%
11.60K 0.52% 147.32K Yonago
16%
8.94K 1.27% 35.76K Abashiri
15%
10.13K 0.55% 140.15K Ishinomaki
15%
9.51K 0.69% 100.27K Sakata
15%
13.45K - 117.38K Aizuwakamatsu
14%
11.80K - 24.95K Iki
14%
10.23K - 151.67K Imabari
14%
10.13K 0.48% 129.12K Iwakuni
14%
13.78K 0.53% 229.79K Kasukabe
14%
9.98K 2.79% 58.17K Kitahiroshima
14%
9.55K 0.37% 341.62K Koshigaya
14%
11.00K 0.41% 194.41K Kumagaya
14%
10.21K 0.43% 80.34K Maizuru
13%
10.99K - 2.93K Ogasawara
13%
20.35K - 1.51K Shirakawa
13%
11.36K 0.31% 59.67K Chichibu
12%
11.79K - 19.19K Karuizawa
12%
9.81K 0.40% 158.29K Ōgaki
12%
9.08K 0.52% 133.53K Ōme
12%
10.01K 0.35% 226.43K Takarazuka
12%
8.97K 0.28% 77.49K Toyooka
12%
9.89K 0.41% 171.36K Urayasu
12%
8.95K 0.57% 144.75K Ashikaga
11%
10.25K 0.44% 223.71K Atsugi
11%
8.97K 0.51% 166.67K Iwata
11%
14.39K - 13.43K Okinoshima
11%
13.32K - 7.10K Ōshima
11%
11.45K - 112.94K Ōshū
11%
9.36K 0.26% 99.94K Tsuyama
11%
8.84K - 88.77K Iga
10%
9.45K 0.20% 40.77K Itoigawa
10%
11.83K 0.23% 120.92K Kashihara
10%
10.54K - 195.39K Mitaka
10%
9.16K 0.44% 74.20K Tosu
10%
20.19K - 0.17K Aogashima
9%
9.97K 0.15% 73.16K Dazaifu
9%
10.10K 0.18% 114.17K Hatsukaichi
9%
10.59K 0.19% 144.52K Kakamigahara
9%
10.89K - 2.27K Miyake
9%
10.87K - 150.15K Musashino
9%
18.38K - 7.33K Yūbari
9%
10.28K 0.11% 63.89K Tenri
8%
11.33K - 74.28K Warabi
8%
10.99K 0.17% 93.92K Ashiya
7%
No matching quizzes found
Score Distribution
Percent of People with Each Score
Percentile by Number Answered
Your Score History
You have not taken this quiz